| 000 | 00412nam a22001337a 4500 | ||
|---|---|---|---|
| 003 | SGT | ||
| 082 |
_a617.63 _bS15A |
||
| 100 | _aAKSHIKA | ||
| 245 | _aRETROSPECTIVE STUDY OF PATIENTS SHOWING BONY CHANGES OF TEMPOROMANDIBULAR JOINT IN CBCT AND ITS CORRELATION WITH THEIR CLINICAL SYMPTOMS | ||
| 260 |
_aDELHI NCR _bSGT UNIVERSITY GURUGRAM _c2015 |
||
| 300 | _a1-72 | ||
| 650 | _aORAL MEDICINE | ||
| 942 |
_2ddc _cTH |
||
| 999 |
_c16015 _d16015 |
||